Elementary reading and communication for nursing staff and physiotherapists

Podrobná bibliografia
Hlavný autor: Křivanová, Jela (Autor)
Médium: Kniha
Jazyk:angličtina
Fyzický popis:43 s. fareb. fotogr., ilustr. 30 cm
Vydavateľské údaje: V Trnave Univerzita Cyrila a Metoda 2008
ISBN:9788081050503
Vydanie:1. vyd.
Predmet:

MARC

LEADER 00000nam a2200000 a 4500
001 vtls009347201
003 SK-MaSNL
005 20260301210918.0
008 240315s2008 xo oa d p 000 0 eng
015 |a SNBA2009/04-01600 
020 |a 9788081050503  |q (brož.) 
035 |a A3110C17-D9A9-4EC9-AE73-751ECB3548AA 
035 |a urn:nbn:sk:snk-amktdh 
035 |a urn:nbn:sk:snk-am005676 
040 |a SNK  |b slo  |c SNK  |e AACR2 
041 0 |a eng 
044 |a xo  |c SK 
072 7 |a 615.8  |x Fyzioterapia. Psychoterapia. Alternatívna medicína  |2 konspekt 
072 7 |a 37.016  |x Učebné osnovy. Vyučovacie predmety. Učebnice  |2 konspekt 
080 |a 616-083  |2 2001 
080 |a 615.8-051  |2 2001 
080 |a 615.8  |2 2001 
080 |a 316.77  |2 2001 
080 |a (075.8)  |2 2001 
100 1 |a Křivanová, Jela  |4 aut  |9 595049 
245 1 0 |a Elementary reading and communication for nursing staff and physiotherapists  |c Jela Křivanová 
250 |a 1. vyd. 
260 |a V Trnave  |b Univerzita Cyrila a Metoda  |c 2008 
300 |a 43 s.  |b fareb. fotogr., ilustr.  |c 30 cm 
366 |e 200 výt. 
504 |a Bibliogr. s. 43. Slovník 
650 0 7 |a ošetrovateľstvo  |2 SNKPH  |9 2557 
650 0 7 |a rehabilitační pracovníci  |2 SNKPH  |9 118102 
650 0 7 |a liečebná rehabilitácia  |2 SNKPH  |9 3306 
650 0 7 |a komunikácia  |2 SNKPH  |9 1362 
655 7 |a učebnice vysokých škôl  |2 SNKPH  |9 70191 
752 |a Slovensko  |d Trnava 
919 |a 978-80-8105-050-3 
958 |a OND 
958 |a NB 
968 |d 61 
999 |c 915207  |d 917137 
952 |a SNK  |b SNK  |y PREZ  |7 0  |p 17A0601816  |o snkSB 76776  |i snk2008/19473  |8 0  |0 0  |1 0  |4 0  |d 2008-10-14  |f 1  |l 0  |r 2025-04-25 00:00:00  |w 2026-02-24 
952 |a SNK  |b SNK  |y VYP  |7 0  |p 17A0601815  |o snkSB 76776 D1  |i snk2008/19474  |8 0  |0 0  |1 0  |4 0  |d 2008-10-14  |l 0  |r 2016-06-30 00:00:00  |w 2026-02-24